Ψυχολογία της απελευθέρωσης

Αποθηκεύτηκε σε:
Λεπτομέρειες βιβλιογραφικής εγγραφής
Κύριος συγγραφέας: Wilber, Ken
Άλλοι συγγραφείς: Μυγιάκης, Λύσανδρος (Μεταφραστής)
Μορφή: Βιβλίο
Γλώσσα:Greek
English
Δημοσίευση: Αθήνα : Ιάμβλιχος, 1990.
Θέματα:
Ετικέτες: Προσθήκη ετικέτας
Δεν υπάρχουν, Καταχωρήστε ετικέτα πρώτοι!

MARC

LEADER 00000cam a2200000 i 4500
001 1/25839
008 060308s1990 gr | ||| |||| ||gre||
035 |l 10083012 
040 |a GR-MyUA  |b gre  |e AACR2 
041 0 1 |a gre  |h eng 
082 0 |a 158.1  |2 (22) 
100 1 |a Wilber, Ken. 
245 1 0 |a Ψυχολογία της απελευθέρωσης /   |c Ken Wilber ; μετάφραση Λύσανδρος Μυγιάκης.  
260 |a Αθήνα :   |b Ιάμβλιχος,   |c 1990.  
300 |a 222 σ. :   |b σχημ. ;   |c 21 εκ.  
500 |a Τίτλος πρωτοτύπου: No boundary.  
650 0 0 |a Consciousness. 
650 0 0 |a Self-perception. 
650 0 0 |a Psychology  |x Philosophy. 
700 1 |a Μυγιάκης, Λύσανδρος,  |e trl 
852 |a INST  |b LESVOS  |e 20060308  |h 158.1 WIL  |p 005100034720  |q 005100034720  |t BK  |y 0 
901 |a BIBL1-2006-1 
909 |a Λ  |b 126073 
970 |a ΚΑΡΑ  |b ΓΙΑΣΕΜΗ  |z 2006/03/08